000 02034cam a22004694i 4500
003 PE-LiUPU
005 20250731165411.0
008 151022s1996 pe grm 000 0 spa d
035 _a(Sirsi) a155044
040 _aPE-LiUPU
_bspa
_cPE-LiUPU
_erda
099 _aTEF 2
_bR68 1996
100 1 _aRíos Díaz, Vivian Ysela
_eautor
245 1 _aRelaciones de poder entre enfermeras de los hospitales y los estudiantes de enfermería de la Universidad Peruana Unión, durante los años 1994-1995 en Lima-Perú /
_cVivian Ysela Ríos Díaz.
264 0 _c1996.
300 _a119 hojas
_c30 cm
336 _atext
_2rdacontent
337 _aunmediated
_2rdamedia
338 _avolume
_2rdacarrier
502 _aTesis
_b(Lic.) --
_cUniversidad Peruana Unión,
_d1996.
504 _aIncluye referencias
520 3 _aCuando Florencia Nigthingale fundo la primera Escuela de Enfermería de Inglaterra en 1860 en el Hospital de Santo Tomas, existían criterios que condujeron la escuela, uno de ellos era: "Las enfermeras debían constituir una profesión digna, independiente y autónoma que colabora con los médicos en vez de ser subordinadas". Luego en 1967 se escribía: "la reforma de la Enfermería en el país y en el extranjero había constituido, esencialmente, en quitar la dirección de mano de los hombres para confiar a una mujer capacitada (.), jefa responsable de todo".
526 _aSEG44
526 _aSEG26
526 _aP151
526 _aP150
526 _aP149
526 _aP146
526 _aP145
526 _aP126
526 _aP125
526 _aP92
526 _aP75
526 _aP74
526 _aP27
526 _aP15
650 0 4 _aEstudiantes de enfermería
_xEnferneras.
650 0 4 _aEnfermeras
_xSocialización.
700 1 _aSalazar Sánchez, Eddy Margarita
_eautor
596 _a1
942 _2ddc
_cTESIS
999 _aTEF 2 R68 1996
_wALPHANUM
_c7735
_iT00326
_lCCODEBUL3
_mBUL
_r1
_sY
_tTESIS
_u2015-10-22
_xSALUD
_PP22
_o.STAFF. Tesis
_d7735
980 _81
_gALBERTO SANCHEZ Responsable de Automatización